Filosofía fundamenta 1 /

Guardado en:
Autor Principal: Balmes, Jaime Luciano
Formato: Libro
Publicado: Buenos Aires : Sopena, 1973
Series:Biblioteca Mundial Sopena
Materias:
Etiquetas: Agregar Etiqueta
Sin Etiquetas, Sea el primero en etiquetar este registro!
LEADER 00686nam a22002055a 4500
001 CEM.cems009717
005 20080721113947.0
008 130507s1973##################000#0#####d
003 CEMS
082 0 4 |a 196 
100 1 |a Balmes, Jaime Luciano 
245 1 0 |a Filosofía fundamenta 1 /  |c Jaime Luciano Balmes 
260 |a Buenos Aires :  |b Sopena,  |c 1973 
300 |a 234 p. 
490 0 |a Biblioteca Mundial Sopena 
505 0 |a De la certeza -- De las sensasiones -- La extensión y el espacio 
653 |a Filosofía 
653 |a Filosofía española 
859 |a CEMS  |b BIB. CEMS - 11 de abril  |h 196  |i B215  |p 250.73  |t Ej.1  |v 1  |3 1 
859 |a CEMS  |b BIB. CEMS - 11 de abril  |h 196  |i B215  |p 9976.81  |t Ej.2  |v 1  |3 1